Normal view
MARC view
Entry Topical Term
001 - CONTROL NUMBER
- control field: 28897
003 - CONTROL NUMBER IDENTIFIER
- control field: ARRUPE
005 - DATE AND TIME OF LATEST TRANSACTION
- control field: 20170217093853.0
008 - FIXED-LENGTH DATA ELEMENTS
- fixed length control field: 170217|| aca||aabn | a|a d
040 ## - CATALOGING SOURCE
- Original cataloging agency: ARRUPE
- Transcribing agency: ARRUPE
150 ## - HEADING--TOPICAL TERM
- Topical term or geographic name as entry element: Prehistoric peoples.
670 ## - SOURCE DATA FOUND
- Source citation: Work cat.: (ARRUPE)0: Reader's digest 28895, The World's last mysteries., c1978.